| 000 | 00838nam a2200229 a 4500 | ||
|---|---|---|---|
| 001 | 000007058 | ||
| 005 | 20200929154045.0 | ||
| 008 | 090904s1994 dr a 000 0 spa d | ||
| 040 |
_aDO-SdBNP _bspa _cBNPHU |
||
| 082 |
_a001.4 _bP644t |
||
| 100 | 1 |
_aPimentel, Rubén Darío _919624 |
|
| 245 | 1 | 0 |
_aTesis : _bguía para su elaboración y redacción / _cRubén Darío Pimentel ; prólogo Hugo Mendoza. |
| 260 |
_aSanto Domingo : _bCentro Editorial, _c1994. |
||
| 300 |
_a212 p. _ail. ; _c22 cm. |
||
| 490 | 1 |
_aAMD Centenaria _v1 |
|
| 500 | _aIncluye referencias bibliográficas y notas al pie de las páginas | ||
| 590 | _aInventariado,2018/DG | ||
| 651 | 4 |
_aTesis Y Disertaciones Academicas _xManuales _919625 |
|
| 700 | 1 |
_aMendoza, Hugo, _epról. _919626 |
|
| 830 | 0 |
_aAMD Centenaria _n1 _919627 |
|
| 910 | _aValidado. Control de calidad MFF | ||
| 999 |
_c6841 _d6841 |
||